| 000 | 00617nam a2200205 a 4500 | ||
|---|---|---|---|
| 005 | 20140310183144.0 | ||
| 008 | 020824s19uu xx 00 eng d | ||
| 020 | _a9710860763 | ||
| 050 |
_aHF 5691 _b.N758 2000 |
||
| 100 | _aNocon, Ferdinand P. | ||
| 245 |
_aModern mathematics of investment : _bcalculator based with applications / _cFerdinand P. Nocon. |
||
| 260 |
_aMandaluyong City : _bRex Bookstore, _c2000. |
||
| 300 |
_a263 p. : _c25 cm. |
||
| 521 | _aBSBA | ||
| 650 |
_aMathematics _xproblems, exercies, etc. |
||
| 650 | _aInvestments | ||
| 942 |
_cBK _2lcc _kLOC |
||
| 999 |
_c19496 _d19496 |
||